| 000 | 00895nam a22001937a 4500 | ||
|---|---|---|---|
| 999 |
_c58011 _d58011 |
||
| 003 | Ge_BSU | ||
| 005 | 20210422134147.0 | ||
| 008 | 210422s1978 ge ||||| |||| 00| 0 geo d | ||
| 041 | _ageo | ||
| 080 | _a616.9(075.8) ბ-89 | ||
| 100 |
_aბოცვაძე, ე. _911547 |
||
| 245 |
_aინფექციური დაავადებები : _bსახელმძღვანელო სამედ. ინ–ტის სტუდენტებისათვის / _c ე. ბოცვაძე ; რედ. თ. კაციტაძე. |
||
| 264 |
_aთბილისი : _bგანათლება, _c1987. |
||
| 300 |
_a694 გვ.: _c21 სმ. |
||
| 653 | _aინფექციური დაავადებები | ||
| 653 | _aმედიცინა | ||
| 700 |
_aკაციტაძე,თ _eრედაქტორი _911548 |
||
| 942 |
_2udc _cBK |
||